000 00677nam a2200289Ia 4500
005 20260324124054.0
008 008 260324s9999 xx 000 0 eng d
020 _a9781315095400
037 _aEBOOK
040 _aCRL
040 _beng
040 _cCRL
041 _2eng
041 _aeng
084 _qCRL
100 _aBenedict Atkinson
_91172730
245 0 _aCopyright Law
245 0 _bVolume III: Copyright in the 21st Century
260 _bTaylor and Francis
260 _c2011
365 _a
365 _b570
856 _uhttp://www.taylorfrancis.com/books/9781315095400
942 _cEBOOK
999 _c1766826
_d1766826